The situation of youth in the 1980s and prospects and challenges for the year 2000 /

Bibliographic Details
Main Author: Chawla, Sandeep
Corporate Authors: United Nations. Department of International Economic and Social Affairs, United Nations. Secretariat
Format: Book
Language:English
Published: New York : United Nations, 1986.
Subjects:

MARC

Tag First Indicator Second Indicator Subfields
LEADER 00000cam a2200000 a 4500
001 in00000016711
005 20151007052837.0
008 870227s1986 nyu b i00000 eng d
020 |a 9211301173 
035 |a (OCoLC)15250446 
035 |9 AAA9406AM 
040 |a NPL  |c NPL  |d m/c  |d CLA  |d TXA  |d UtOrBLW 
049 |a TXAM  |c [A12642962] 
050 4 |a HQ796  |b .C428 1986 
082 0 4 |a 305.23509048  |a C39 
100 1 |a Chawla, Sandeep. 
245 1 4 |a The situation of youth in the 1980s and prospects and challenges for the year 2000 /  |c Department of International Economic and Social Affairs. 
264 1 |a New York :  |b United Nations,  |c 1986. 
300 |a 106 pages ;  |c 30 cm. 
336 |a text  |b txt  |2 rdacontent 
337 |a unmediated  |b n  |2 rdamedia 
338 |a volume  |b nc  |2 rdacarrier 
500 |a "This study was prepared by Dr. Sandeep Chawla, a consultant with the United Nations Secretariat"--P. 1. 
500 |a "ST/ESA/186"--Title page verso. 
500 |a "United Nations publication. Sales number E.86.IV.10"--Title page verso. 
504 |a Includes bibliographical references. 
650 0 |a Youth. 
710 2 |a United Nations.  |b Department of International Economic and Social Affairs. 
710 2 |a United Nations.  |b Secretariat. 
999 |a MARS 
999 f f |s 82fcc688-d4ca-3662-8333-68414a88b672  |i cd97332f-334f-3a54-91ed-04d872f203e0  |t 0 
952 f f |p ric  |a Texas A&M University  |b Rellis Campus  |c Joint Library Facility  |d Remote Storage  |t 0  |e HQ796 .C428 1986  |h Library of Congress classification  |i unmediated -- volume  |m A14812642962 
998 f f |a HQ796 .C428 1986  |t 0  |l Remote Storage